| 000 | 00855nam a2200289 i 4500 | ||
|---|---|---|---|
| 001 | 7506 | ||
| 003 | ES-MaACL | ||
| 005 | 20250805004003.0 | ||
| 007 | t| | ||
| 008 | 910124s1986 sp l |||| | spa d | ||
| 020 | _a84-86440-30-0 | ||
| 080 | _a342.4(46)"1978" | ||
| 110 | 1 |
_aEspaña. _93657 _tConstitución, 1978 |
|
| 245 | 1 | 0 |
_aConstitución española / _c[edición preparada por] Francisco Rico Pérez. |
| 250 | _a4ª ed. | ||
| 260 |
_aMadrid : _bTrivium, _c1986. |
||
| 300 |
_a156 p. ; _c22 cm. |
||
| 490 | 1 | _aCódigos Trivium | |
| 500 | _aÍndice analitico. | ||
| 650 | 4 |
_911292 _aConstituciones- _zEspaña |
|
| 655 | 7 |
_2tgfbne _9226828 _aConstituciones |
|
| 700 | 1 |
_aRico Pérez, Francisco, _d1931- _997032 |
|
| 830 | 1 |
_aCódigos Trivium _9227904 |
|
| 852 | 4 |
_aES-MaACL _jL-14767 |
|
| 942 | _2udc | ||
| 999 |
_c7506 _d7506 |
||